[Event "BCF-chT1a 1819 (4NCL)"]
[Site "England"]
[Date "2019.03.16"]
[Round "7.47"]
[White "Matta, Francesca"]
[Black "Franklin, Samuel Gideon"]
[Result "0-1"]
[WhiteElo "1916"]
[BlackElo "2349"]
[PlyCount "104"]
[EventDate "2018.11.10"]
[EventType "team-tourn"]
[EventRounds "7"]
[EventCountry "ENG"]
[SourceTitle "CBM 189 Extra"]
[Source "ChessBase"]
[SourceDate "2019.05.31"]
[SourceVersion "1"]
[SourceVersionDate "2019.05.31"]
[SourceQuality "1"]
[WhiteTeam "Oxford"]
[BlackTeam "Barbican"]
[WhiteTeamCountry "ENG"]
[BlackTeamCountry "ENG"]

1. c4 Nf6 2. Nc3 g6 3. g3 Bg7 4. Bg2 0-0 5. Nf3 d6 6. 0-0 Nc6 7. d4 Rb8 8. e4 Bg4 9. Be3 Nd7 10. h3 Bxf3 11. Bxf3 e5 12. d5 Nd4 13. Bg2 c5 14. dxc6 bxc6 15. Rb1 Qa5 16. Qa4 Qc5 17. a3 a5 18. Rfc1 Nb6 19. Qd1 Qxc4 20. Bxd4 Qxd4 21. Ne2 Qxd1+ 22. Rxd1 Rfd8 23. Nc3 Kf8 24. b4 Nc4 25. bxa5 Rxb1 26. Rxb1 Nxa5 27. Rb6 Ra8 28. a4 Ke7 29. Bf1 Kd7 30. Bd3 Kc7 31. Rb4 Bh6 32. Rb2 Nb7 33. Kf1 Nc5 34. Bc2 Bd2 35. Nb1 Ba5 36. Ke2 Bb6 37. Nc3 Ne6 38. Bd1 Bd4 39. Rc2 Nc5 40. f3 Bxc3 41. Rxc3 Nxa4 42. Ra3 Nb6 43. Rc3 Ra2+ 44. Bc2 Na4 45. Rc4 Nc5 46. Ke3 Ra3+ 47. Ke2 Ne6 48. Bd3 Nd4+ 49. Ke3 Nxf3 50. Rc1 f5 51. Ke2 Nd4+ 52. Ke3 fxe4 0-1

[Event "BCF-chT4S 1718 (4NCL)"]
[Site "England"]
[Date "2017.11.12"]
[Round "2.206"]
[White "Matta, Francesca"]
[Black "Gibbs, Dominic V"]
[Result "1/2-1/2"]
[WhiteElo "1949"]
[BlackElo "1842"]
[PlyCount "154"]
[EventDate "2017.11.11"]
[EventType "team-swiss"]
[EventRounds "11"]
[EventCountry "ENG"]
[SourceTitle "EXT 2020"]
[Source "ChessBase"]
[SourceDate "2019.10.17"]
[SourceVersion "1"]
[SourceVersionDate "2019.10.17"]
[SourceQuality "1"]
[WhiteTeam "Oxford III"]
[BlackTeam "Iceni II"]
[WhiteTeamCountry "ENG"]
[BlackTeamCountry "ENG"]

1. d4 f5 2. Bf4 Nf6 3. e3 g6 4. Nf3 d6 5. Bc4 e6 6. c3 Qe7 7. Qb3 Nc6 8. 0-0 Bg7 9. Nbd2 0-0 10. h3 Na5 11. Qb4 Nxc4 12. Qxc4 b6 13. Rfe1 Bb7 14. Bh2 h6 15. Qe2 g5 16. c4 Rf7 17. Rac1 g4 18. hxg4 Nxg4 19. Bg3 e5 20. d5 e4 21. Nh4 Bxb2 22. Rc2 Be5 23. Nxf5 Qg5 24. Nd4 Bxg3 25. Nxe4 Qh4 26. Nxg3 Qh2+ 27. Kf1 Rxf2+ 28. Qxf2 Nxf2 29. Kxf2 Rf8+ 30. Nf3 Qh4 31. Rh1 Qg5 32. e4 Bc8 33. Nf5 Rxf5 34. exf5 Qxf5 35. Re2 Qg6 36. Rhe1 Kf8 37. Re4 Bd7 38. g3 h5 39. Nh4 Qg7 40. Rf4+ Kg8 41. Rfe4 Ba4 42. Nf5 Qf6 43. Rf4 Kh8 44. Nd4 Qg7 45. Re6 Bd7 46. Ref6 Kg8 47. Ne6 Bxe6 48. dxe6 a5 49. Kf3 c6 50. Ke4 d5+ 51. cxd5 cxd5+ 52. Kxd5 Qg5+ 53. R4f5 Qd2+ 54. Kc6 Qc3+ 55. Kd7 Qd4+ 56. Ke7 Qb4+ 57. Kd7 Qd4+ 58. Kc6 Qc3+ 59. Kxb6 Qb2+ 60. Ka6 Qe2+ 61. Kxa5 Qxa2+ 62. Kb5 Qb2+ 63. Kc5 Qc2+ 64. Kd5 Qd2+ 65. Ke4 Qe1+ 66. Kf3 Qf1+ 67. Ke3 Qe1+ 68. Kd4 Qd2+ 69. Kc5 Qc3+ 70. Kd5 Qd3+ 71. Kc6 Qc3+ 72. Kb6 Qb2+ 73. Kc5 Qc3+ 74. Kd5 Qd3+ 75. Kc5 Qc3+ 76. Kd5 Qd3+ 77. Kc5 Qc3+ 1/2-1/2

[Event "BCF-chT4S 1617 (4NCL)"]
[Site "England"]
[Date "2017.03.19"]
[Round "8.14"]
[White "Ethelontis, Alexandros N"]
[Black "Matta, Francesca"]
[Result "1/2-1/2"]
[WhiteElo "2140"]
[BlackElo "1950"]
[PlyCount "128"]
[EventDate "2016.11.26"]
[EventType "team-swiss"]
[EventRounds "11"]
[EventCountry "ENG"]
[SourceTitle "EXT 2019"]
[Source "ChessBase"]
[SourceDate "2018.10.10"]
[SourceVersion "1"]
[SourceVersionDate "2018.10.10"]
[SourceQuality "1"]
[WhiteTeam "Barnet Knights"]
[BlackTeam "Oxford II"]
[WhiteTeamCountry "ENG"]
[BlackTeamCountry "ENG"]

1. c4 e5 2. g3 Nc6 3. Nc3 g6 4. Bg2 Bg7 5. Rb1 a5 6. d3 d6 7. e3 f5 8. Nge2 Nf6 9. 0-0 0-0 10. a3 Be6 11. Nd5 Rb8 12. b4 axb4 13. axb4 Ne7 14. Nxf6+ Bxf6 15. Qc2 c6 16. Bb2 b5 17. Ba1 Qd7 18. Rfc1 Rfc8 19. f4 c5 20. bxc5 Rxc5 21. Qd2 Qa7 22. fxe5 dxe5 23. cxb5 Rcxb5 24. Rxb5 Rxb5 25. d4 Bg5 26. Qd3 Rb3 27. Bc3 Nd5 28. Bxd5 Bxd5 29. Kf2 exd4 30. Qxd4 Qxd4 31. Bxd4 Rb7 32. h4 Be7 33. Rc8+ Kf7 34. Nf4 Be4 35. Rh8 g5 36. Rxh7+ Ke8 37. hxg5 Bxg5 38. Rh8+ Kd7 39. Rh7+ Ke8 40. Rxb7 Bxb7 41. Ne6 Bh6 42. Be5 Ke7 43. Nd4 Be4 44. Bf4 Bg7 45. Ne2 Ke6 46. Ng1 Bf6 47. Nh3 Bb7 48. Bb8 Be4 49. Ke2 Kf7 50. Ba7 Bd8 51. Bd4 Kg6 52. Nf4+ Kf7 53. Kf2 Bc7 54. Ne2 Kg6 55. Bc5 Kg5 56. Be7+ Kg4 57. Bh4 Be5 58. Nc1 Bc2 59. Ne2 Be4 60. Nd4 Bxd4 61. exd4 f4 62. gxf4 Kxf4 63. Bg3+ Kf5 64. Ke3 Bd5 1/2-1/2

[Event "BCF-chT1b 1617 (4NCL)"]
[Site "England"]
[Date "2017.02.11"]
[Round "5.78"]
[White "Ercsei, Estera Alexandra"]
[Black "Matta, Francesca"]
[Result "0-1"]
[WhiteElo "1287"]
[BlackElo "1949"]
[PlyCount "142"]
[EventDate "2016.11.19"]
[EventType "team-tourn"]
[EventRounds "7"]
[EventCountry "ENG"]
[SourceTitle "EXT 2018"]
[Source "ChessBase"]
[SourceDate "2017.10.13"]
[SourceVersion "1"]
[SourceVersionDate "2017.10.13"]
[SourceQuality "1"]
[WhiteTeam "Grantham Sharks"]
[BlackTeam "Oxford"]
[WhiteTeamCountry "ENG"]
[BlackTeamCountry "ENG"]

1. e4 c5 2. g3 Nc6 3. Bg2 g6 4. Nf3 Bg7 5. 0-0 e6 6. Nc3 Nge7 7. d3 0-0 8. Be3 d6 9. Qd2 e5 10. Bh6 Nd4 11. Nxd4 cxd4 12. Ne2 Be6 13. Bxg7 Kxg7 14. f4 f6 15. c3 dxc3 16. bxc3 Qc7 17. d4 Bc4 18. Rf2 Rac8 19. Rc1 Qa5 20. Qb2 Qa6 21. Bf1 Bd3 22. dxe5 dxe5 23. Qb4 Nc6 24. Qd6 Rfd8 25. Qc5 b6 26. Qe3 Qc4 27. Bh3 Rb8 28. fxe5 fxe5 29. Rcf1 Rf8 30. Rd1 Rxf2 31. Kxf2 Rf8+ 32. Ke1 Bxe2 33. Rd7+ Rf7 34. Qxe2 Qxc3+ 35. Qd2 Qxd2+ 36. Kxd2 Nd4 37. Rxf7+ Kxf7 38. Bg4 g5 39. Kd3 Ke7 40. Kc4 Kd6 41. a4 Kc6 42. Bd1 a6 43. h3 b5+ 44. axb5+ axb5+ 45. Kb4 Kb6 46. h4 h6 47. h5 Nc6+ 48. Kc3 Kc5 49. Bb3 Nd4 50. Bd1 b4+ 51. Kb2 Kc4 52. Bg4 Kd3 53. Bf5 Kc4 54. Bg4 Nb5 55. Be2+ Kc5 56. Bg4 Nd6 57. Bf5 Kd4 58. Kb3 Nxe4 59. g4 Nf2 60. Kxb4 e4 61. Kb3 Kd3 62. Kb2 Kd2 63. Bxe4 Nxe4 64. Kb3 Ke3 65. Kc4 Kf4 66. Kd5 Nf6+ 67. Ke6 Nxg4 68. Kf7 Kf5 69. Kg7 Nf6 70. Kxh6 Nxh5 71. Kxh5 Kf4 0-1

[Event "BCF-chT1b 1415 (4NCL)"]
[Site "England"]
[Date "2014.11.15"]
[Round "1.188"]
[White "Matta, Francesca"]
[Black "Steil Antoni, Fiona"]
[Result "1/2-1/2"]
[WhiteElo "1911"]
[BlackElo "2109"]
[PlyCount "83"]
[EventDate "2014.11.15"]
[EventType "team-swiss"]
[EventRounds "11"]
[EventCountry "ENG"]
[SourceTitle "EXT 2015"]
[Source "ChessBase"]
[SourceDate "2014.11.20"]
[SourceVersion "1"]
[SourceVersionDate "2014.11.20"]
[SourceQuality "1"]
[WhiteTeam "Oxford"]
[BlackTeam "Cheddleton"]
[WhiteTeamCountry "ENG"]
[BlackTeamCountry "ENG"]

1. d4 d6 2. c4 g6 3. Nc3 Bg7 4. e4 Nc6 5. Nf3 e5 6. Bg5 f6 7. Be3 Bg4 8. Be2 Bxf3 9. Bxf3 exd4 10. Bxd4 Nxd4 11. Qxd4 Ne7 12. c5 dxc5 13. Qxc5 c6 14. Qc4 Nc8 15. Rd1 Qe7 16. 0-0 Nb6 17. Qb3 Qf7 18. Qb4 Bf8 19. Qd4 Be7 20. e5 fxe5 21. Qxe5 0-0 22. Rfe1 Bf6 23. Qe6 Qxe6 24. Rxe6 Bxc3 25. bxc3 Rfe8 26. Red6 Re7 27. h4 Kg7 28. h5 Rf8 29. Kf1 Rff7 30. R1d4 Nd7 31. Be2 Nf6 32. hxg6 hxg6 33. Bd3 Re5 34. g4 Rg5 35. Bc4 Rf8 36. Be6 Rb5 37. f4 Rb1+ 38. Kg2 Rb2+ 39. Kg1 Rb1+ 40. Kg2 Rb2+ 41. Kg1 Rb1+ 42. Kg2 1/2-1/2

[Event "ITA-chT (Women)"]
[Site "Arvier"]
[Date "2012.04.29"]
[Round "3"]
[White "Zimina, Olga"]
[Black "Matta, Francesca"]
[Result "1-0"]
[WhiteElo "2327"]
[BlackElo "1880"]
[PlyCount "95"]
[EventDate "2012.04.28"]
[EventType "team-tourn"]
[EventRounds "5"]
[EventCountry "ITA"]
[SourceTitle "CBM 148 Extra"]
[Source "ChessBase"]
[SourceDate "2012.06.22"]
[SourceVersion "1"]
[SourceVersionDate "2012.06.22"]
[SourceQuality "1"]
[WhiteTeam "Chieti (W)"]
[BlackTeam "Torino (W)"]
[WhiteTeamCountry "ITA"]
[BlackTeamCountry "ITA"]

1. e4 c5 2. Nf3 e6 3. g3 Nc6 4. Bg2 d5 5. exd5 exd5 6. 0-0 Bg4 7. h3 Bh5 8. d4 Bxf3 9. Qxf3 Nxd4 10. Qd3 Nf6 11. Bg5 Be7 12. c3 Nc6 13. Bxf6 Bxf6 14. Re1+ Ne7 15. Qb5+ Qd7 16. Qxc5 0-0 17. Nd2 Rfc8 18. Qe3 Nf5 19. Qd3 Rd8 20. Rad1 Rac8 21. Nf1 g6 22. Qxd5 Qxd5 23. Bxd5 b5 24. Rd2 Ne7 25. Ne3 a5 26. Red1 Kf8 27. Kg2 Rc7 28. Ng4 Bg7 29. Bb3 Rxd2 30. Rxd2 Nf5 31. a4 b4 32. cxb4 axb4 33. f4 Bd4 34. Ne5 f6 35. Nc4 Ba7 36. Rd8+ Ke7 37. Rh8 Rxc4 38. Bxc4 Ne3+ 39. Kf3 Nxc4 40. Rxh7+ Kd6 41. Rxa7 Nxb2 42. Rb7 Kc5 43. a5 Nc4 44. a6 Nb6 45. a7 b3 46. Rxb6 Kxb6 47. a8Q Kc5 48. Qa3+ 1-0

[Event "ITA-ch (Women) 36th"]
[Site "Bratto"]
[Date "2009.08.28"]
[Round "8"]
[White "Panella, Fiammetta"]
[Black "Matta, Francesca"]
[Result "1-0"]
[WhiteElo "1996"]
[BlackElo "1906"]
[PlyCount "107"]
[EventDate "2009.08.21"]
[EventType "swiss"]
[EventRounds "9"]
[EventCountry "ITA"]
[SourceTitle "EXT 1999"]
[Source "ChessBase"]
[SourceDate "1998.11.16"]
[SourceVersion "1"]
[SourceVersionDate "1998.11.16"]
[SourceQuality "1"]

1. e4 c5 2. Nf3 e6 3. d4 cxd4 4. Nxd4 a6 5. Bd3 Nf6 6. 0-0 e5 7. Nf3 d6 8. h3 Be7 9. c4 0-0 10. Nc3 Nbd7 11. Be3 b6 12. Bc2 Qc7 13. Qe2 Bb7 14. Rac1 Rac8 15. Nd2 Rfe8 16. a3 Nf8 17. Nd5 Nxd5 18. exd5 Qd8 19. Ba4 Nd7 20. Bxd7 Qxd7 21. Bxb6 f5 22. b4 Bg5 23. f3 Bxd2 24. Qxd2 e4 25. Qf4 exf3 26. Qxf3 Re4 27. Qd3 Re5 28. Rc2 Rce8 29. Rcf2 g6 30. Bd4 Re1 31. Rxe1 Rxe1+ 32. Rf1 Rxf1+ 33. Kxf1 Qf7 34. Bc3 h6 35. Qd4 Qe7 36. Qh8+ Kf7 37. Qg7+ Ke8 38. Qxg6+ Kd7 39. Qxf5+ Ke8 40. Qg6+ Qf7+ 41. Qxf7+ Kxf7 42. Kf2 Kg6 43. Ke3 Kf5 44. Kd4 Kf6 45. c5 Ke7 46. c6 Bc8 47. Bd2 h5 48. Bg5+ Ke8 49. a4 Bf5 50. b5 axb5 51. axb5 Bc8 52. b6 Ba6 53. b7 Bxb7 54. cxb7 1-0

[Event "ITA-ch (Women) 36th"]
[Site "Bratto"]
[Date "2009.08.23"]
[Round "3"]
[White "Fantina, Carla"]
[Black "Matta, Francesca"]
[Result "0-1"]
[WhiteElo "1784"]
[BlackElo "1906"]
[PlyCount "88"]
[EventDate "2009.08.21"]
[EventType "swiss"]
[EventRounds "9"]
[EventCountry "ITA"]
[SourceTitle "EXT 1999"]
[Source "ChessBase"]
[SourceDate "1998.11.16"]
[SourceVersion "1"]
[SourceVersionDate "1998.11.16"]
[SourceQuality "1"]

1. c4 c5 2. Nf3 Nc6 3. Nc3 Nd4 4. e3 Nxf3+ 5. Qxf3 Nf6 6. g3 g6 7. Bg2 Bg7 8. 0-0 Rb8 9. h3 0-0 10. d4 b6 11. d5 d6 12. e4 a6 13. a4 Qc7 14. Qe2 e5 15. Be3 Ne8 16. Qd2 f5 17. exf5 gxf5 18. Bh6 f4 19. Bxg7 Qxg7 20. Kh2 f3 21. Bh1 Qg6 22. Rg1 Bxh3 23. Bxf3 Rxf3 24. Kxh3 Ng7 25. Rae1 Rbf8 26. Ne4 Nh5 27. Kh2 Kh8 28. Rg2 Nf6 29. Nxf6 R8xf6 30. Re2 Qh5+ 31. Kg1 Rh6 32. Kf1 Qg6 33. Re3 Rh1+ 34. Ke2 Rxe3+ 35. Qxe3 Qc2+ 36. Qd2 Qe4+ 37. Qe3 Qxg2 38. Qb3 Qe4+ 39. Qe3 Qxe3+ 40. Kxe3 Kg7 41. f4 Kf6 42. Ke4 exf4 43. gxf4 Rb1 44. b4 Rxb4 0-1

[Event "Nichelino op"]
[Site "Nichelino"]
[Date "2008.10.04"]
[Round "3"]
[White "Matta, Francesca"]
[Black "Giacchino, Claudio"]
[Result "1/2-1/2"]
[WhiteElo "1931"]
[BlackElo "1582"]
[PlyCount "118"]
[EventDate "2008.10.02"]
[EventType "swiss"]
[EventRounds "6"]
[EventCountry "ITA"]
[SourceTitle "CBM 126 Extra"]
[Source "ChessBase"]
[SourceDate "2008.11.05"]
[SourceVersion "1"]
[SourceVersionDate "2008.11.05"]
[SourceQuality "1"]

1. c4 Nf6 2. Nc3 e5 3. g3 d6 4. Bg2 c6 5. e3 Bf5 6. d4 Nbd7 7. Nge2 Be7 8. 0-0 0-0 9. a3 Qc7 10. b3 Rad8 11. Bb2 Nb6 12. Rc1 Qd7 13. d5 Bh3 14. Qd3 Bxg2 15. Kxg2 Rfe8 16. b4 Bf8 17. e4 a6 18. Rc2 Rc8 19. Rfc1 Rc7 20. Nb1 Rec8 21. Nec3 cxd5 22. cxd5 Nc4 23. Nd2 b5 24. f3 g5 25. Nxc4 Rxc4 26. Qe3 Bh6 27. h4 g4 28. Qxh6 gxf3+ 29. Kxf3 Qg4+ 30. Kg2 Nxe4 31. Qe3 Kh8 32. Qf3 Qg6 33. Re2 Nf6 34. Rf1 Nh5 35. Kh2 Rg8 36. Ne4 f6 37. Rg1 Nf4 38. Rd2 Rxe4 39. Rc1 Nh5 40. Rg2 Rg4 41. Rcg1 Rc4 42. Rf1 Rgc8 43. Rff2 Rc2 44. Qf5 Qxf5 45. Rxf5 Rxg2+ 46. Kxg2 Rc2+ 47. Rf2 Rxf2+ 48. Kxf2 Kg7 49. Kf3 Kg6 50. Bc1 Ng7 51. Be3 h5 52. g4 hxg4+ 53. Kxg4 f5+ 54. Kf3 Kh5 55. Bg5 Ne8 56. Be7 Kg6 57. Kg3 Kh5 58. Kf3 Kg6 59. Kg3 Kh5 1/2-1/2

[Event "Nichelino op"]
[Site "Nichelino"]
[Date "2008.10.02"]
[Round "1"]
[White "Matta, Francesca"]
[Black "Pulito, Alberto"]
[Result "0-1"]
[WhiteElo "1931"]
[BlackElo "2254"]
[PlyCount "64"]
[EventDate "2008.10.02"]
[EventType "swiss"]
[EventRounds "6"]
[EventCountry "ITA"]
[SourceTitle "CBM 126 Extra"]
[Source "ChessBase"]
[SourceDate "2008.11.05"]
[SourceVersion "1"]
[SourceVersionDate "2008.11.05"]
[SourceQuality "1"]

1. c4 e6 2. Nc3 d5 3. Qa4+ c6 4. e3 Nf6 5. Nf3 Be7 6. Be2 dxc4 7. Qxc4 b5 8. Qb3 a6 9. d4 c5 10. 0-0 c4 11. Qc2 Bb7 12. Nd2 0-0 13. Rd1 Nc6 14. f3 Qb6 15. Nde4 Nd5 16. Bf1 Rfd8 17. Qf2 f5 18. Ng3 Bf6 19. Nh5 Be7 20. Qg3 g6 21. Nf4 Nxf4 22. Qxf4 Bf6 23. Bd2 e5 24. dxe5 Bxe5 25. Qh4 f4 26. Qf2 Nb4 27. Bc1 Bxc3 28. Rxd8+ Rxd8 29. bxc3 Nd3 30. Bxd3 Rxd3 31. Bb2 fxe3 32. Qe1 e2+ 0-1

[Event "Nichelino op 8th"]
[Site "Nichelino"]
[Date "2007.10.07"]
[Round "6"]
[White "Giacomasso, Enrico"]
[Black "Matta, Francesca"]
[Result "1-0"]
[WhiteElo "1970"]
[BlackElo "1945"]
[PlyCount "165"]
[EventDate "2007.10.04"]
[EventType "swiss"]
[EventRounds "6"]
[EventCountry "ITA"]
[SourceTitle "EXT 2010"]
[Source "ChessBase"]
[SourceDate "2010.11.25"]
[SourceVersion "1"]
[SourceVersionDate "2010.11.25"]
[SourceQuality "1"]

1. e4 e5 2. Nf3 Nc6 3. Bb5 a6 4. Ba4 Nf6 5. 0-0 b5 6. Bb3 Bb7 7. Ng5 d5 8. exd5 Nxd5 9. d3 Nd4 10. Re1 Qf6 11. Qg4 Be7 12. Qe4 Nxb3 13. axb3 0-0-0 14. Qg4+ Kb8 15. Ne4 Qg6 16. Qxg6 hxg6 17. Nbc3 Nb4 18. Re2 f5 19. Ng5 Bxg5 20. Bxg5 Rde8 21. Be3 Re6 22. Bc5 Nd5 23. Nxd5 Bxd5 24. Rae1 Rhe8 25. b4 g5 26. f3 Kb7 27. Kf2 g6 28. b3 Kc8 29. Be3 f4 30. Bc5 Kd7 31. h3 Kc8 32. c4 Bb7 33. Ra2 Kd7 34. Ra5 c6 35. Ra2 Kc7 36. Rae2 Kd7 37. Re4 Bc8 38. Ba7 Bb7 39. c5 R6e7 40. Bb6 Re6 41. d4 exd4 42. Rxd4+ Ke7 43. Rxe6+ Kxe6 44. Rd6+ Kf5 45. Rd7 Ba8 46. Ra7 Ke6 47. Rxa6 Bb7 48. Ra7 Ba8 49. Rg7 Kf5 50. Ra7 Ke6 51. Ra2 Kf5 52. Bc7 Bb7 53. Bd6 Ba8 54. Ra7 Ke6 55. g3 fxg3+ 56. Kxg3 Kf5 57. Rf7+ Ke6 58. Rc7 Kf5 59. Be7 Rg8 60. Bd6 Re8 61. h4 gxh4+ 62. Kxh4 Rh8+ 63. Kg3 Re8 64. Ra7 Rg8 65. Re7 Rc8 66. Re5+ Kf6 67. Kf4 Rh8 68. Be7+ Kf7 69. Bg5 Re8 70. Rxe8 Kxe8 71. Ke5 Bb7 72. Kd6 Kf7 73. Kc7 Ba6 74. Kxc6 Ke6 75. Kb6 Bc8 76. Kxb5 Kd7 77. Kb6 Ke6 78. c6 Kd6 79. b5 Be6 80. b4 Bc8 81. Bf4+ Ke7 82. Kc7 Be6 83. b6 1-0

[Event "Nichelino op 8th"]
[Site "Nichelino"]
[Date "2007.10.05"]
[Round "2"]
[White "Matta, Francesca"]
[Black "Damia, Angelo"]
[Result "1/2-1/2"]
[WhiteElo "1945"]
[BlackElo "2266"]
[PlyCount "92"]
[EventDate "2007.10.04"]
[EventType "swiss"]
[EventRounds "6"]
[EventCountry "ITA"]
[SourceTitle "EXT 2010"]
[Source "ChessBase"]
[SourceDate "2010.11.25"]
[SourceVersion "1"]
[SourceVersionDate "2010.11.25"]
[SourceQuality "1"]

1. e4 Nf6 2. e5 Ng8 3. d4 d6 4. Nf3 dxe5 5. Nxe5 Nf6 6. Bc4 e6 7. 0-0 Be7 8. c3 0-0 9. Bg5 Nbd7 10. Nd2 Nxe5 11. dxe5 Nd7 12. Bxe7 Qxe7 13. f4 b6 14. Ne4 Nc5 15. Qe2 Bb7 16. Ng5 a5 17. Rad1 h6 18. Nf3 Rad8 19. Rd4 Rd7 20. Rxd7 Qxd7 21. Rd1 Bxf3 22. Qxf3 Qe7 23. b4 axb4 24. cxb4 Nd7 25. Bb5 Nb8 26. a3 Rd8 27. Rxd8+ Qxd8 28. Qd3 Qxd3 29. Bxd3 Kf8 30. Kf2 Ke7 31. Ke3 Kd7 32. Kd4 c6 33. a4 Kc7 34. a5 c5+ 35. Kc4 cxb4 36. axb6+ Kxb6 37. Kxb4 g5 38. g3 gxf4 39. gxf4 Kc6 40. Kc4 Kd7 41. Be4 Ke7 42. f5 Nd7 43. Kd4 h5 44. h4 Nf6 45. exf6+ Kxf6 46. fxe6 fxe6 1/2-1/2

[Event "ITA-ch (Women) 33rd"]
[Site "Bratto"]
[Date "2006.08.27"]
[Round "9"]
[White "Messina, Roberta"]
[Black "Matta, Francesca"]
[Result "0-1"]
[WhiteElo "1859"]
[BlackElo "1841"]
[PlyCount "132"]
[EventDate "2006.08.19"]
[EventType "swiss"]
[EventRounds "9"]
[EventCountry "ITA"]
[SourceTitle "CBM 113 Extra"]
[Source "ChessBase"]
[SourceDate "2006.09.14"]
[SourceVersion "1"]
[SourceVersionDate "2006.09.14"]
[SourceQuality "1"]

1. e4 e5 2. Nf3 Nc6 3. d4 exd4 4. Nxd4 Bc5 5. Be3 Qf6 6. c3 Nge7 7. Bc4 0-0 8. 0-0 Bb6 9. Kh1 Rd8 10. Nc2 Ne5 11. Bb3 d6 12. Bxb6 axb6 13. Ne3 Qf4 14. Nd2 Nd3 15. Qe2 Nc5 16. Bc2 Be6 17. b3 d5 18. exd5 Nxd5 19. Nxd5 Rxd5 20. Nf3 Bg4 21. Rae1 Ne6 22. Qe4 Qxe4 23. Bxe4 Bxf3 24. Bxf3 Rd3 25. Bxb7 Rxa2 26. Rc1 Rdd2 27. Kg1 g6 28. g3 Nc5 29. Bg2 Nxb3 30. Rcd1 Rxd1 31. Rxd1 Ra1 32. Rxa1 Nxa1 33. Bd5 Kf8 34. Kf1 Nc2 35. Be4 Na3 36. Bd3 Ke7 37. Ke2 Kd6 38. Ke3 Kc5 39. Kd2 Nc4+ 40. Ke2 b5 41. Bc2 b4 42. cxb4+ Kxb4 43. Be4 Nd6 44. Bc6 Kc5 45. Bg2 Kd4 46. Bc6 Nc4 47. Be8 f6 48. h4 c5 49. g4 g5 50. h5 h6 51. Bg6 Nb2 52. f3 c4 53. Kd2 Nd3 54. Be4 c3+ 55. Kc2 Nb4+ 56. Kc1 Ke3 57. Kd1 Nd3 58. Kc2 Ne1+ 59. Kxc3 Nxf3 60. Bf5 Ne5 61. Be6 Kf4 62. Kd4 Nxg4 63. Kd5 f5 64. Bf7 Nf6+ 65. Ke6 Nxh5 66. Bxh5 g4 0-1